000 00889nam a2200241Ia 4500
003 OSt
005 20220923212517.0
006 a|||||r|||| 00| 0
007 ta
008 220922b |||||||| |||| 00| 0 hin d
024 _a153,645
037 _cTextual
040 _aARTS
_cARTS
_bhin
041 _2hin
_ahin
082 _aO152vN5, L6
100 _aशर्मा, राजनाथ
_9156318
245 0 _aहिन्दी साहित्य की प्रवृतियां एक नवीन दृष्टि
246 _aHindī sāhitya kī pravṛutiyāan ek navīn dṛuṣhṭi
260 _aअलीगढ
_b भारत प्रकाशन मन्दिर
_c1976
650 _aहिन्दी साहित्य
_9156264
942 _hO152vN5, L6
_cTEXL
_2CC
999 _c309286
_d309286